000 00652nam a2200205 i 4500
001 95911
003 ES-MaACL
005 20250808015941.0
007 t|
008 050608s1971 sp ||||1| spa d
100 1 _aMac Allister, Robert.
_974998
245 1 0 _aConflictos en las Comunidades religiosas /
_cpor Robert J. Mac Allister; [traducción de José M. Arduriz S.J.].
260 _aSantander :
_bSal Terrae,
_c1971.
300 _a174 p. ;
_c22 cm.
490 1 _aEspíritu y vida
700 1 _aArduriz, José M.
_922554
830 0 0 _aEspíritu y vida
_9181679
852 _aES-MaACL
_jC-45757
_bR.76915
999 _c95911
_d95911